Lenin in profile World writers and artists on Lenin
Uloženo v:
| Médium: | Kniha |
|---|---|
| Jazyk: | English |
| Vydáno: |
Moscow
Progress Pub.
1975
|
| Témata: | |
| Tagy: |
Přidat tag
Žádné tagy, Buďte první, kdo otaguje tento záznam!
|
| Thư viện lưu trữ: | Trung tâm Học liệu Lê Vũ Hùng, Trường Đại học Đồng Tháp |
|---|
| LEADER | 00607pam a22002058a 4500 | ||
|---|---|---|---|
| 001 | 00024389 | ||
| 005 | 20171026081023.0 | ||
| 008 | 110718s1975 ||||||engsd | ||
| 041 | 0 | # | |a eng |
| 082 | 1 | 4 | |a 891.7 |b L200N |
| 245 | 0 | 0 | |a Lenin in profile |b World writers and artists on Lenin |
| 260 | # | # | |a Moscow |b Progress Pub. |c 1975 |
| 300 | # | # | |a 442 p. |c 25 cm. |
| 650 | # | 4 | |a Liên Xô |
| 650 | # | 4 | |a Văn học |
| 650 | # | 4 | |a Lênin |
| 852 | # | # | |j KD.0008970 |
| 852 | # | # | |b Kho đọc |j KD.0008970 |
| 910 | 0 | # | |a Ntuyet |d 18/07/2011 |
| 980 | # | # | |a Trung tâm Học liệu Lê Vũ Hùng, Trường Đại học Đồng Tháp |